|
|
|
|
| LEADER |
00000nab a2200000uu 4500 |
| 001 |
vtls011512559 |
| 003 |
SK-MaSNL |
| 005 |
20260303190559.0 |
| 008 |
230704|1937 xo |||||||||||||||||slo| |
| 015 |
|
|
|a SNBRB
|
| 035 |
|
|
|a (urnnbn)urn:nbn:sk:snk:ar-001coq
|
| 035 |
|
|
|a (uuid)0ed36378-34b9-473b-ae6c-7bbbe5ffb32a
|
| 035 |
|
|
|a urn:nbn:sk:snk-abe2vv
|
| 040 |
|
|
|a SNKBUCL
|b slo
|c SNKBUCL
|e AACR2
|
| 041 |
1 |
|
|a slo
|h ukr
|
| 044 |
|
|
|a xo
|c SK
|
| 100 |
1 |
|
|a Karabeleš, Andrej,
|d 1906-1964
|4 aut
|9 141112
|
| 245 |
1 |
0 |
|a V jesennej hmle
|c Andrej Karabeleš ; preložil Anton Prídavok
|
| 700 |
1 |
|
|a Prídavok, Anton,
|d 1904-1945
|4 trl
|9 108337
|
| 773 |
0 |
|
|t Slovenské pohľady
|g Roč. 53, č. 10 (1937), s. 545-546
|
| 850 |
|
|
|a Slovenská národná knižnica
|
| 852 |
|
|
|a Slovenská národná knižnica
|
| 954 |
|
|
|a beletria cudzojazyčná (svetová)
|2 lita
|
| 958 |
|
|
|a OND
|
| 958 |
|
|
|a EUIPO
|
| 958 |
|
|
|a article21
|
| 999 |
|
|
|c 2137021
|d 2138951
|